La admirable diversidad del hombre / (Record no. 75791)

MARC details
000 -LEADER
campo de control de longitud fija 00646nam a2200193 i 4500
001 - NÚMERO DE CONTROL
campo de control 75791
003 - IDENTIFICADOR DE NÚMERO DE CONTROL
campo de control ES-MaACL
007 - CAMPO FIJO DE DESCRIPCIÓN FÍSICA--INFORMACIÓN GENERAL
campo de control de longitud fija t|
008 - DATOS DE LONGITUD FIJA--INFORMACIÓN GENERAL
campo de control de longitud fija 040927s1958 sp ||||1| spa d
100 1# - ENTRADA PRINCIPAL--NOMBRE DE PERSONA
Nombre de persona Grigson, Geoffrey.
9 (RLIN) 60023
245 13 - MENCIÓN DEL TÍTULO
Título La admirable diversidad del hombre /
Mención de responsabilidad, etc. Geoffrey Grigson y Ch. Gibbs-Smith ; [traducción de Arturo Roca].
260 ## - PUBLICACIÓN, DISTRIBUCIÓN, ETC.
Lugar de publicación, distribución, etc. Barcelona :
Nombre del editor, distribuidor, etc. Mateu,
Fecha de publicación, distribución, etc. [1958] (
Fabricante Aleu y Domingo)
300 ## - DESCRIPCIÓN FÍSICA
Extensión 2 v. ;
Dimensiones 25 cm.
505 8# - NOTA DE CONTENIDO CON FORMATO
Nota de contenido con formato Contiene: v. I: Gentes -- v. II: Lugares
700 1# - ENTRADA AGREGADA--NOMBRE PERSONAL
Nombre de persona Gibbs-Smith, Ch. H.
9 (RLIN) 56635
700 1# - ENTRADA AGREGADA--NOMBRE PERSONAL
Nombre de persona Roca, Arturo.
9 (RLIN) 97970
852 ## - LOCALIZACIÓN
Ubicación ES-MaACL
Número de control de estantería E-4557
Sublocalización o colección R.42142
852 ## - LOCALIZACIÓN
Ubicación ES-MaACL
Número de control de estantería E-4558
Sublocalización o colección R.42142
Holdings
Estatus retirado Estado de pérdida Estado de daño No para préstamo Biblioteca de origen Biblioteca actual Ubicación en estantería Fecha de adquisición Fuente de adquisición Total de préstamos Signatura topográfica completa Código de barras Visto por última vez Precio de reemplazo Tipo de ítem Koha
        Biblioteca del Ateneo de Madrid Biblioteca del Ateneo de Madrid Depósito 2 17/01/2008     E-4558 1079329 23/02/2023 23/02/2023 Libro impreso
        Biblioteca del Ateneo de Madrid Biblioteca del Ateneo de Madrid Depósito 2 17/01/2008     E-4557 1079328 23/02/2023 23/02/2023 Libro impreso